F1 Season: 2020 Race Winners - Statistics

General Stats
  • This quiz has been taken 1,728 times
    1,678 since last reset
  • The average score is 17 of 17
Answer Stats
Race Driver % Correct
Styria Lewis Hamilton
100%
Hungary Lewis Hamilton
100%
Great Britain Lewis Hamilton
100%
Spain Lewis Hamilton
100%
Belgium Lewis Hamilton
100%
Tuscany Lewis Hamilton
100%
Eifel Lewis Hamilton
100%
Portugal Lewis Hamilton
100%
Emilia Romagna Lewis Hamilton
100%
Turkey Lewis Hamilton
100%
Bahrain Lewis Hamilton
100%
70th Anniversary Max Verstappen
100%
Abu Dhabi Max Verstappen
100%
Austria Valtteri Bottas
97%
Russia Valtteri Bottas
97%
Sakhir Sergio Pérez
95%
Italy Pierre Gasly
93%
No matching quizzes found
Score Distribution
Percent of People with Each Score
Percentile by Number Answered
Your Score History
You have not taken this quiz since the last reset